Informační soustava v dopravě

Saved in:
Bibliographic Details
Main Author: Svoboda, Stanislav
Other Authors: Král, Bohumil
Format: Book
Language:Czech
Published: Praha Nakl. dopr. a spojů 1987
Edition:1. vyd.
Tags: Add Tag
No Tags, Be the first to tag this record!

MARC

LEADER 00000nam a2200000 4500
001 c024376
005 20240411081159.4
041 0 |a cze 
044 |a CZ 
245 1 0 |a Informační soustava v dopravě  |c Stanislav Svoboda, Bohumil Král 
250 |a 1. vyd. 
264 1 |a Praha  |b Nakl. dopr. a spojů  |c 1987 
300 |a 152 s. 
100 1 |a Svoboda, Stanislav 
700 1 |a Král, Bohumil